<?xml version="1.0" encoding="UTF-8"?>
<record
    xmlns:xsi="http://www.w3.org/2001/XMLSchema-instance"
    xsi:schemaLocation="http://www.loc.gov/MARC21/slim http://www.loc.gov/standards/marcxml/schema/MARC21slim.xsd"
    xmlns="http://www.loc.gov/MARC21/slim">

  <leader>00977cam a22002651  4500</leader>
  <controlfield tag="001">gs 62000193 </controlfield>
  <controlfield tag="003">DLC</controlfield>
  <controlfield tag="005">20260227111411.0</controlfield>
  <controlfield tag="008">770317s1962    dcuab    b   f00000 eng c</controlfield>
  <datafield tag="010" ind1=" " ind2=" ">
    <subfield code="a">gs 62000193 //r883</subfield>
  </datafield>
  <datafield tag="040" ind1=" " ind2=" ">
    <subfield code="a">U.S. Geol. Survey. Libr.</subfield>
    <subfield code="c">ak</subfield>
    <subfield code="d">DLC</subfield>
  </datafield>
  <datafield tag="043" ind1=" " ind2=" ">
    <subfield code="a">n-us-ak</subfield>
  </datafield>
  <datafield tag="050" ind1="0" ind2=" ">
    <subfield code="a">TC801</subfield>
    <subfield code="b">.U2 no. 1529</subfield>
  </datafield>
  <datafield tag="051" ind1=" " ind2=" ">
    <subfield code="a">TC424.A4</subfield>
    <subfield code="b">J6</subfield>
    <subfield code="c">Copy 2.</subfield>
  </datafield>
  <datafield tag="100" ind1="1" ind2="0">
    <subfield code="a">Johnson, F. A.</subfield>
    <subfield code="q">(Frederick Ashby),</subfield>
    <subfield code="d">1903-</subfield>
  </datafield>
  <datafield tag="245" ind1="1" ind2="0">
    <subfield code="a">Waterpower resources near Petersburg and Juneau, southeastern Alaska;</subfield>
    <subfield code="b">a discussion of potential development of power on 12 Alaskan streams.</subfield>
  </datafield>
  <datafield tag="260" ind1="0" ind2=" ">
    <subfield code="a">Washington,</subfield>
    <subfield code="b">U.S. Govt. Print. Off.,</subfield>
    <subfield code="c">1962.</subfield>
  </datafield>
  <datafield tag="300" ind1=" " ind2=" ">
    <subfield code="a">v, 102 p.</subfield>
    <subfield code="b">illus., maps, diagr., tables.</subfield>
    <subfield code="c">24 cm.</subfield>
  </datafield>
  <datafield tag="490" ind1="1" ind2=" ">
    <subfield code="a">United States. Geological Survey. Water-supply paper</subfield>
    <subfield code="v">1529</subfield>
  </datafield>
  <datafield tag="504" ind1=" " ind2=" ">
    <subfield code="a">Bibliography: p. 99.</subfield>
  </datafield>
  <datafield tag="650" ind1=" " ind2="0">
    <subfield code="a">Water-power</subfield>
    <subfield code="z">Alaska.</subfield>
  </datafield>
  <datafield tag="650" ind1=" " ind2="0">
    <subfield code="a">Stream measurements</subfield>
    <subfield code="z">Alaska.</subfield>
  </datafield>
  <datafield tag="830" ind1=" " ind2="0">
    <subfield code="a">Geological Survey water-supply paper ;</subfield>
    <subfield code="v">1529.</subfield>
  </datafield>
  <datafield tag="999" ind1=" " ind2=" ">
    <subfield code="c">29622</subfield>
    <subfield code="d">29622</subfield>
  </datafield>
</record>
